Úplné znění zákona č. 586/1992 Sb., o daních z příjmu, jak vyplýva z pozdějších změn a doplnění

Dane z príjmov fyzických a právnických osôb. Osobitné ustanovenia pre vyberanie dane z príjmov. Prechodné a záverečné ustanovenia. Prílohy 1, 2, 3.

Gespeichert in:
Bibliographische Detailangaben
Format: Buchkapitel
Sprache:Tschechisch
Schlagworte:
Tags: Tag hinzufügen
Keine Tags, Fügen Sie das erste Tag hinzu!

MARC

LEADER 00000naa a2200000 4500
001 r048022
005 20231004070939.5
041 0 |a cze 
044 |a CZ 
245 1 0 |a Úplné znění zákona č. 586/1992 Sb., o daních z příjmu, jak vyplýva z pozdějších změn a doplnění 
520 |a Dane z príjmov fyzických a právnických osôb. Osobitné ustanovenia pre vyberanie dane z príjmov. Prechodné a záverečné ustanovenia. Prílohy 1, 2, 3. 
610 2 0 |a dane z príjmov 
610 2 0 |a osoby fyzické 
610 2 0 |a osoby právnické 
610 2 0 |a Česko 
610 2 0 |a zákony 
610 2 0 |a 2003